Historia de Iberoamérica / (Registro nro. 32484)

Detalles MARC
000 -CABECERA
Longitud fija campo de control 00985nam a2200265 a 4500
003 - • IDENTIFICADOR DELl NÚMERO DE CONTROL
Identificador del número de control CO-ViMGA
008 - • CÓDIGOS DE INFORMACIÓN DE LONGITUD FIJA
Códigos de información de longitud fija 141112s2004 ck r 000 u spa d
020 ## - • NÚMERO INTERNACIONAL NORMALIZADO PARA LIBROS
Número Internacional Normalizado para Libros (ISBN) 8437609143
040 ## - FUENTE DE LA CATALOGACIÓN
Centro catalogador de origen CO-ViMGA
Lengua de catalogación spa
Centro transcriptor CO-ViMGA
082 04 - • NÚMERO DE LA CLASIFICACIÓN DECIMAL DEWEY
Número de clasificación (R) 980 L812h
245 10 - • TITULO PROPIAMENTE DICHO
Título Historia de Iberoamérica /
Mención de responsabilidad, etc. Manuel Lucena Salmoral ... [et al.]
300 ## - • DESCRIPCIÓN FÍSICA
Extensión v. : il. ; 24 cm
490 ## - • MENCIÓN DE SERIE
Mención de serie Serie mayor
500 ## - • NOTA GENERAL
Nota general Conmemoración de los 500 años del descubrimiento de América. Biblioteca tiene : v. 2
505 ## - • NOTA DE CONTENIDO CON FORMATO
Nota de contenido con formato Contenido : v.2 - Historia moderna
591 ## -
-- 980 H47L 109476 - 77 v. 1, 3 Donac. 1991 5.500 11.000
598 ## -
-- HISTORICAL
651 ## - • PUNTO DE ACCESO ADICIONAL DE MATERIA - NOMBRE GEOGRÁFICO
Nombre geográfico América Latina - Historia
700 1# - • PUNTO DE ACCESO ADICIONAL - NOMBRE DE PERSONA
Nombre de persona Lucena Salmoral, Manuel, 1933 -
930 ## - EQUIVALENCIA O SECCIÓN-REFERENCIA-TÍTULO ENCABEZAMIENTO UNIFORME [LOCAL, CANADA]
T&íacute;tulo uniforme mmo
942 ## - ENTRADA DE ELEMENTOS AGREGADOS (KOHA)
Fuente de clasificaión o esquema Dewey Decimal Classification
Koha [por defecto] tipo de item LIbro
949 ## - TRATAMIENTO DE LA INFORMACIÓN LOCAL (OCLC)
a 980 H47L D.SAMPER LIBRO DEWEY DEWEY DONACION GENERAL Y Y
Existencias
Perdido Fuente de clasificación o esquema Estado Físico No para préstamo Forma de adquisición Localización permanente Localización actual Fecha adquisición Serie de enumeración / cronolog&íacute;a Préstamos totales Signatura completa Código de barras Fecha última consulta Número de copia Fecha del precio de reemplazo Tipo de item de Koha
  Dewey Decimal Classification     Sala General Segundo Piso Biblioteca Pública Germán Arciniegas - Villavicencio Biblioteca Pública Germán Arciniegas - Villavicencio 12/04/2015 01/mar/2013   980 L812h 25489 12/04/2015 Ej. 1 12/04/2015 LIbro









Instituto Departamental de Cultura del Meta - Red Departamental de Bibliotecas Públicas del Meta.